Języki Germańskie - Statystyki

Ogólne statystyki
  • Ten quiz został rozwiązany 245 razy
    238 od ostatniego zresetowania
  • Średni wynik to 7 z 19
Statystyki odpowiedzi
Liczba mówiących Język % Poprawnych
105 mln niemiecki
99%
527 mln angielski
90%
6 mln duński
80%
5 mln norweski
79%
10 mln szwedzki
77%
23 mln niderlandzki
68%
320 tys. islandzki
55%
390 tys. luksemburski
39%
7 mln afrikaans
26%
80 tys. farerski
21%
400 tys. fryzyjski
20%
4 mln jidysz
15%
1,8 mln scots
15%
5 mln dolnoniemiecki
14%
25 wilamowski
7%
500 gotlandzki
3%
300 tys. pensylwański
2%
250 tys. rypuaryjski
2%
30 tys. jämtlandzki
1%
Nie znaleziono quizów pasujących do podanych kryteriów
Rozkład punktacji
Procent ludzi z każdym wynikiem
Percentyl według liczby udzielonych odpowiedzi
Twoja historia wyników
Nie rozwiązałeś tego quizu od ostatniego zresetowania